000 00820nam a2200217 a 4500
001 000027452
003 AM-YEHGA
005 20250618070911.0
008 980317s1954 ai |||||||||||||||||arm|c
040 _aAM-YeHGA
041 0 _aarm
100 1 _aՍարգսյան, Սաքո Հովհաննեսի,
_d1916-1989
_99092
245 1 0 _aՄ. Արազու ստեղծագործությունը :
_b[Գրականագիտական վերլուծություն] /
_cՍ.Հ. Սարգսյան
260 _aԵրևան :
_bՀՍՍՌ քաղ. և գիտ. գիտելիքների տարածման ընկ. հրատ,
_c1954.
300 _a42 էջ
600 1 4 _aԱրազի, Մովսես,
_d1878-1964
_9972
650 1 4 _aՀայ գրականագիտություն
_94862
653 0 _aՀայ գրողներ
942 _2udc
_cBK
090 _c11943
999 _c11851
_d11851